000 00395nam a22001577a 4500
005 20240301011409.0
008 240301b |||||||| |||| 00| 0 eng d
082 _222
_a323.
_bESS.
100 _aMahmood, A.N.M.
245 _aEssays on Political Economy :
260 _aDacca :
_bDacca Publications /
_c1970.
300 _axvi, 283 p.,
650 _aEconomics.
650 _aPolitics.
942 _cL
999 _c525
_d525